Statistics for Countries with the Largest Lakes - With Hints

Click here to take the quiz!

General Stats

  • This quiz has been taken 81 times
  • The average score is 17 of 20

Answer Stats

HintAnswer% Correct
82,100Lake SuperiorCanada
100%
United States
100%
Russia
99%
371,000Caspian SeaAzerbaijan
96%
8,264Lake NicaraguaNicaragua
94%
Kazakhstan
93%
68,870Lake VictoriaKenya
93%
Tanzania
93%
Iran
90%
Uganda
88%
Turkmenistan
87%
8,372Lake TiticacaBolivia
81%
D.R.Congo
81%
Peru
81%
Zambia
81%
Mozambique
79%
29,500Lake NyasaMalawi
72%
32,600Lake TanganyikaBurundi
71%
6,405Lake TurkanaEthiopia
43%
6,200Issyk-KulKyrgyzstan
34%

Score Distribution

Percentile by Number Answered

Percent of People with Each Score

Your Score History

You have not taken this quiz